000
00247nam a2200121Ia 4500
100
_a
#N/A
942
_c
BK
245
_a
OCA: O RACLE Application Server 10g Administration
260
_b
#N/A
082
_b
22613
546
_a
ENGLISH
999
_c
35425
_d
35425